| 000 | 00627nam a2200241Ia 4500 | ||
|---|---|---|---|
| 003 | OSt | ||
| 005 | 20220924114222.0 | ||
| 006 | a|||||r|||| 00| 0 | ||
| 007 | ta | ||
| 008 | 220923b |||||||| |||| 00| 0 urd d | ||
| 020 | _c10.00 | ||
| 024 | _a315469 | ||
| 037 | _cTextual | ||
| 040 |
_aARTS _cARTS _burd |
||
| 041 |
_2urd _aurd |
||
| 082 | _aO168,1NMA1x, L4 | ||
| 100 |
_aMazhar Imam _9172460 |
||
| 245 | 0 | _aRishta goonge safar | |
| 260 |
_aAllahabad _bShabkhoon India _c1974 |
||
| 650 | _aURDU POETRY | ||
| 942 |
_hO168,1NMA1x, L4 _cTEXL _2CC |
||
| 999 |
_c392517 _d392517 |
||